| 000 | 00525nam a2200181Ia 4500 | ||
|---|---|---|---|
| 005 | 20250326142144.0 | ||
| 008 | 250326s9999 xx 000 0 und d | ||
| 037 | _aTextbook | ||
| 040 |
_aFMSL _beng _cFMSL |
||
| 041 |
_aeng _2eng |
||
| 084 |
_aX:741 M5 _qFMSL |
||
| 100 | _aKirkman P R A | ||
| 245 | 0 |
_aInflation accounting in major english speaking countries _cKirkman P R A |
|
| 260 |
_aNew Delhi _bNew Delhi, Printice-Hall _c1985 |
||
| 300 | _a155p | ||
| 942 |
_cTB _hX:741 M5 |
||
| 999 |
_c1293691 _d1293691 |
||